000 00885nam a22002297a 4500
005 20121213112318.0
008 121213t xxu||||| |||| 00| 0 eng d
010 _aENG-106426
020 _a9788183241564
_c750.00
035 _aEN-89959
037 _bDBAD/PUB
040 _aDPL
_bEng
082 _a305.8914
100 _aChand Anth Thangmi
_954274
245 _aThe Thangal Naga tribe of North East India :
_cby Chand Anth Thangmi
_ban ethnographic study /
260 _aNew Delhi
_bMittal Publications
_c2012
270 _a4594/9 Daryaganj
_bNew Delhi
_e110002
300 _axxi,238p. :
_c23cm(Hb)
_bcol. photos
500 _aIncludes bibliographical references and index
942 _2ddc
_cEN
_h305.8914
_mCHA
999 _c72122
_d72122